On optimal Lebesgue function type sum
Elmentve itt :
| Szerző: | |
|---|---|
| Dokumentumtípus: | Cikk |
| Megjelent: |
1997
|
| Sorozat: | Acta scientiarum mathematicarum
63 No. 3-4 |
| Kulcsszavak: | Matematika |
| Online Access: | http://acta.bibl.u-szeged.hu/15668 |
| LEADER | 00607nab a2200181 i 4500 | ||
|---|---|---|---|
| 001 | acta15668 | ||
| 005 | 20210326141105.0 | ||
| 008 | 161015s1997 hu o 0|| eng d | ||
| 022 | |a 0001-6969 | ||
| 040 | |a SZTE Egyetemi Kiadványok Repozitórium |b hun | ||
| 041 | |a eng | ||
| 100 | 1 | |a Quanlong Wang | |
| 245 | 1 | 3 | |a On optimal Lebesgue function type sum |h [elektronikus dokumentum] / |c Quanlong Wang |
| 260 | |c 1997 | ||
| 300 | |a 487-495 | ||
| 490 | 0 | |a Acta scientiarum mathematicarum |v 63 No. 3-4 | |
| 695 | |a Matematika | ||
| 856 | 4 | 0 | |u http://acta.bibl.u-szeged.hu/15668/1/math_063_numb_003_004_487-495.pdf |z Dokumentum-elérés |